Catálogo
 En Linea

Le Vaudou haïtien / (Registro nro. 44058)

Detalles MARC
000 -CABECERA
campo de control de longitud fija 00672nam a2200205 a 4500
001 - NÚMERO DE CONTROL
campo de control 000044569
005 - FECHA Y HORA DE LA ÚLTIMA TRANSACCIÓN
campo de control 20201002045453.0
008 - DATOS DE LONGITUD FIJA--INFORMACIÓN GENERAL
campo de control de longitud fija 140717s1995 enkab 000 0 spa d
040 ## - FUENTE DE LA CATALOGACIÓN
Centro catalogador/agencia de origen DO-SdBNP
Lengua de catalogación spa
Centro/agencia transcriptor BNPHU
082 ## - NÚMERO DE LA CLASIFICACIÓN DECIMAL DEWEY
Número de clasificación xxxx
Número de documento/Ítem xxxx
100 1# - ENTRADA PRINCIPAL--NOMBRE DE PERSONA
Nombre de persona Métraux, Alfred
9 (RLIN) 65911
245 10 - MENCIÓN DE TÍTULO
Título Le Vaudou haïtien /
Mención de responsabilidad, etc. Alfred Métraux ; préface de Michel Leiris.
260 ## - PUBLICACIÓN, DISTRIBUCIÓN, ETC.
Lugar de publicación, distribución, etc. Paris :
Nombre del editor, distribuidor, etc. Gallimard,
Fecha de publicación, distribución, etc. 1995.
300 ## - DESCRIPCIÓN FÍSICA
Extensión 357 P. :
Otras características físicas il., mapas ;
Dimensiones 19 cm.
490 1# - MENCIÓN DE SERIE
Mención de serie TEL
Designación de volumen o secuencia 20
500 ## - NOTA GENERAL
Nota general Incluye referencias bibliográficas y notas al pie de las páginas
504 ## - NOTA DE BIBLIOGRAFÍA, ETC.
Nota de bibliografía, etc. Bibliografía : p. [335]-346
700 12 - PUNTO DE ACCESO ADICIONAL--NOMBRE DE PERSONA
Nombre de persona Leiris, Michel,
Fechas asociadas al nombre 1901-1990.
9 (RLIN) 72592
830 #0 - PUNTO DE ACCESO ADICIONAL DE SERIE-TÍTULO UNIFORME
Título uniforme TEL ;
Número de parte o sección de la obra 20
9 (RLIN) 72593
Existencias
Estado de retiro Estado de pérdida Restricciones de uso No para préstamo Código de colección Localización permanente Ubicación/localización actual Ubicación en estantería Fecha de adquisición Número de inventario Total de préstamos Signatura topográfica completa Código de barras Fecha visto por última vez Precio válido a partir de Tipo de ítem Koha Número de copia
      Excluido de préstamo Monografías: Libros y Folletos General General En catalogación 17.07.2014 LF1   xxxx xxxx 44569-10 25.06.2020 25.06.2020 No se presta  
  Extraviado   Excluido de préstamo Monografías: Libros y Folletos General General Extraviado 21.07.2014 LF1   xxxx xxxx 44569-20 25.06.2020 25.06.2020 No se presta e. 2
  Extraviado     Monografías: Libros y Folletos General General Extraviado 21.07.2014 LF1   xxxx xxxx 44569-30 25.06.2020 25.06.2020 Préstamo en sala e. 3
  Extraviado     Monografías: Libros y Folletos General General Extraviado 21.07.2014 LF1   xxxx xxxx 44569-40 25.06.2020 25.06.2020 Préstamo en sala e. 4

Con tecnología Koha